000 01003cam a22002891 4500
001 21811
003 BD-RjUL
005 20211209000731.0
008 140305s1961 mauab b 001 0 eng d
035 _a(BD-RjUL) 21876
035 _a(OCoLC)236644
040 _aDLC
_cODaWU
_dOCoLC
_dUk
_dDLC
_dBD-RjUL
_beng
041 _aeng
082 _a338.10962
_bRIA 1961
100 1 _aRivlin, Helen Anne B.
_967341
245 1 4 _aThe agricultural policy of Muhammad ʻAlī in Egypt /
_cHelen Anne B. Rivlin
260 _aCambridge :
_bHarvard University Press,
_c1961
300 _axvii, 393 p. :
_bill. ;
_c24 cm.
504 _aBibliography: p. 291-313. and Index
600 0 0 _aMuḥammad ʻAlī Bāshā,
_cGovernor of Egypt,
_d1769-1849.
_9191705
650 0 _aAgriculture
_xEconomic aspects
_zEgypt.
_910362
650 0 _aAgriculture and state
_zEgypt.
_912037
650 0 _aLand tenure
_zEgypt.
_912036
942 _2ddc
_cBK
999 _c21811
_d21811